| 000 | 00453ntaaa2200181 4500 | ||
|---|---|---|---|
| 003 | 01 | ||
| 005 | 20251027202320.0 | ||
| 008 | 0714s1973 ag 01 | ||
| 040 |
_aAR-BaBN _bspa _cAR-BaBN _eaacr _dRIC |
||
| 082 | _a280.2000 S544 | ||
| 100 |
_aSheldon, Henry C _93174 |
||
| 245 | _aSacerdotalism in the 19th century | ||
| 250 | _a1 ed. | ||
| 260 |
_aNew York : _bEaton Mains, _cc1909 |
||
| 300 | _aix, 461 p | ||
| 650 |
_asacerdotes _921723 |
||
| 942 | _cBK | ||
| 999 |
_c17973 _d17973 |
||